01182cam a2200313 a 4500999001700000001000800017003000400025005001700029008004100046010001700087020002800104040001800132043002100150050002200171082001600193100003100209245007700240260005700317300006200374500005400436504006600490650002300556650003100579650002400610650003100634906004500665942003400710952012400744 c24667d246673505984OSt20170130085744.0950718s1996 mauaf b 001 0 eng  a 95023906  a0674539702 (alk. paper) aDLCcDLCdDLC aa-cc---aa-ja---00aND1043b.C34 199600a759.9512201 aCahill, James,d1926-2014.14aThe lyric journey :bpoetic painting in China and Japan /cJames Cahill. aCambridge, Mass. :bHarvard University Press,c1996. ax, 251 p., [8] p. of plates :bill. (some col.) ;c28 cm. a"The Edwin O. Reischauer lectures, 1993"--P. [i]. aIncludes bibliographical references (p. [229]-240) and index. 0aPainting, Chinese. 0aArt and literaturezChina. 0aPainting, Japanese. 0aArt and literaturezJapan. a7bcbccorignewd1eocipf19gy-gencatlg 2lcccBOOKShND 1043 .C34 1996 00102lcc4070aMUCbMUCcTECHd2017-01-30eDonation (BFA)l0oND 1043 .C34 1996p32826r2018-07-26w2017-01-30yBOOKS